sanat: Cheek-Valot sammuu - Statistics

Yleistilastot
  • Tätä visaa on pelattu 86 kertaa
  • Keskiarvotulos 174 / 475
Vastaustilastot
Hint Answers % Oikein
sammuu
93%
valot
93%
ja
88%
Ja
88%
Ku
86%
ku
86%
on
81%
Kun
79%
kun
79%
Jää
72%
jää
72%
72%
Sano
72%
sen
72%
vaan
72%
kaikki
70%
Kaikki
70%
elämään
67%
ei
65%
Ei
65%
huone
65%
te
65%
tyhjä
65%
en
63%
sanottu
63%
se
63%
tää
63%
tän
63%
tarinat
63%
nyt
58%
oli
56%
saaga
56%
cheek
53%
oo
53%
mun
51%
Mun
51%
nii
51%
noidankehän
51%
hoidatte
49%
tääl
49%
valmis
49%
enää
47%
et
47%
Katkasen
47%
me
47%
naulaan
47%
tehä
47%
ympyrän
47%
jos
44%
mietin
44%
ne
44%
paremmin
44%
Suljen
44%
team
44%
joku
42%
kans
42%
koittaa
42%
mut
42%
päästä
42%
saada
42%
tähän
42%
Välil
42%
välil
42%
koskee
40%
ollu
40%
tai
40%
voida
40%
vuoden
40%
eka
37%
hirviön
37%
kanssa
37%
loinko
37%
mitään
37%
sadan
37%
Jakeen
35%
Jareen
35%
muuttaa
35%
1. Okei
35%
Oon
35%
peräs
35%
Teemuun
35%
tavalla
33%
Aini
30%
egoo
30%
Ehkä
30%
jäbän
30%
jengiin
30%
joutu
30%
kamalla
30%
kantanu
30%
kekoon
30%
koitti
30%
korteni
30%
kotonas
30%
kovemmal
30%
muita
30%
muuttunu
30%
Rähinältä
30%
sohvalla
30%
tavallaan
30%
tutustu
30%
autettiin
28%
finaaliin
28%
heikoks
28%
helvetti
28%
huhu
28%
joskus
28%
lähdettävä
28%
molemmat
28%
Monella
28%
mua
28%
muutaki
28%
nää
28%
niin
28%
nukkuen
28%
olemaan
28%
pään
28%
starana
28%
studion
28%
takas
28%
Tiihonen
28%
traumat
28%
tuki
28%
Ahonen
26%
Carlan
26%
Heimo
26%
Joka
26%
Joonaksen
26%
Kilpiön
26%
Kimmo
26%
kutsu
26%
maksaa
26%
näytti
26%
päätin
26%
pahalta
26%
pitää
26%
Pitäkää
26%
remmiin
26%
saatetaan
26%
taas
26%
tarvitsin
26%
tienny
26%
todella
26%
Tommi
26%
Äänitin
23%
aika
23%
ainoo
23%
alottelin
23%
etten
23%
hylänny
23%
josta
23%
kaiken
23%
kaikkii
23%
lääkkeet
23%
Lahti
23%
läpimärkä
23%
Litmanen
23%
millä
23%
miten
23%
mulle
23%
nukahtaa
23%
olla
23%
peikoks
23%
sisään
23%
sitä
23%
tätä
23%
tulee
23%
aikaa
21%
aivot
21%
alle
21%
elämän
21%
jälkeen
21%
juuttunu
21%
Kapa
21%
kerran
21%
kiroon
21%
lukion
21%
menestyksen
21%
mukana
21%
näytän
21%
räjähti
21%
sekoilun
21%
siinä
21%
sopparin
21%
sukeltaa
21%
suuntaan
21%
tekoon
21%
tuottamaan
21%
tyyny
21%
ura
21%
vuosi
21%
fiilis
19%
hetki
19%
historian
19%
kirjaan
19%
klaustrofobia
19%
kohdalla
19%
medialle
19%
menetysten
19%
mietittiin
19%
nostanu
19%
onnistuttiin
19%
Rähinän
19%
räppärin
19%
siistein
19%
sillon
19%
Sonyn
19%
stoppasi
19%
tarjos
19%
tuli
19%
vaivaa
19%
vasta
19%
viikonloppu
19%
aikalisää
16%
auttakaa
16%
haaveet
16%
ilma
16%
kaipaan
16%
Kasisali
16%
lentsikassa
16%
Liigan
16%
luku
16%
massiivisten
16%
muhun
16%
puottamaan
16%
Räbän
16%
saattaa
16%
suotta
16%
tulevaa
16%
2. Vaikka
16%
välillä
16%
vuodest
16%
Antakaa
14%
anto
14%
apuu
14%
Cheekend
14%
hapenottokykyä
14%
imin
14%
Just
14%
luottakaa
14%
nauttia
14%
nykyään
14%
pakko
14%
paransi
14%
puhu
14%
sama
14%
sängyssä
14%
Stadin
14%
tinakengät
14%
tuntuu
14%
Ajatukset
12%
Cheek's
12%
end
12%
Hertsikassa
12%
kelasin
12%
kiitoradalla
12%
Luoma
12%
nousta
12%
Odotettiin
12%
Olin
12%
onks
12%
päässä
12%
3. Pyörin
12%
sikin
12%
sokin
12%
tunsin
12%
vauhtia
12%
yksin
12%
hetkeks
9%
kuka
9%
lämpöaallon
9%
millon
9%
muttei
9%
Nollakasi
9%
Pelkäsin
9%
Sanoin
9%
spiraaliin
9%
tiesin
9%
vuoksi
9%
avulla
7%
Chekkosen
7%
haluu
7%
irti
7%
Jakelle
7%
kadulla
7%
kärkeen
7%
Kekkosen
7%
Markille
7%
naisen
7%
päästin
7%
ratista
7%
sekasin
7%
Sekoilin
7%
tahansa
7%
Tajusin
7%
tullu
7%
aivan
5%
Cohibaa
5%
ekaa
5%
etsiessäni
5%
Four
5%
häntä
5%
Henkan
5%
Hiphop
5%
Istuin
5%
Jättäydyin
5%
kertaa
5%
kingei
5%
kruunataan
5%
kultaa
5%
Levottoman
5%
listojen
5%
menin
5%
musiikin
5%
nauhotin
5%
parista
5%
parvekkeel
5%
Seasonin
5%
Tomin
5%
tuhkimon
5%
Urho
5%
vähiten
5%
venasin
5%
vietiin
5%
vuoroo
5%
Baronal
2%
entisestäni
2%
hulluks
2%
neljä
2%
päätös
2%
Pokkasin
2%
Särjin
2%
varjo
2%
viereen
2%
vihdoin
2%
ylikuuma
2%
Kenttä
0%
Löysin
0%
sydämen
0%
Ehtoja vastaavia visoja ei löytynyt
Tulosjakauma
Jokaisen tuloksen saaneiden osuus
Persentiili vastausten määrän mukaan
Tuloshistoriasi
Et ole pelannut tätä visaa